ბათუმის შოთა რუსთაველის სახელმწიფო უნივერსიტეტის ბიბლიოთეკა

კოლხეთის სანაპიროს ბერძნული კოლონიზაცია / (ბიბ.ჩანაწერი № 60026)

000 -ლიდერი
ფიქსირებული სიგრძის საკონტროლო ველი 00964nam a22002057a 4500
003 - საკონტროლო ნომრის იდენტიფიკატორი
საკონტროლო ველი Ge_BSU
005 - ბოლო ოპერაციის თარიღი და დრო
საკონტროლო ველი 20230531100747.0
008 - ფიქსირებული სიგრძის მონაცემთა ელემენტები - ზოგადი ინფორმაცია
ფიქსირებული სიგრძის საკონტროლო ველი 230531s1962 ge ||||| |||| 00| 0 geo d
041 ## - ენის კოდი
Language code of text/sound track or separate title geo
080 ## - უნივერსალური ათობითი კლასიფიკაციის ინდექსი
Universal Decimal Classification number 94(395.3) ლ-82
100 ## - მთავარი ჩანაწერი - პიროვნების სახელი
Personal name ლომოური, ნ.
9 (RLIN) 18338
245 ## - ცნობა სათაურის შესახებ
Title კოლხეთის სანაპიროს ბერძნული კოლონიზაცია /
Statement of responsibility, etc ნ. ლომოური; რედ. ო. ჯაფარიძე.
264 ## - წარმოების, გამოცემის, დისტრიბუციის და სხვა ცნობები
გამოცემის, წარმოების, დისტრიბუციის... ადგილი თბილისი :
გამოცემის, წარმოების, დისტრიბუციის... სახელწოდება თბილ. უნ-ტის გამ-ბა და სტ.,
გამოცემის, წარმოების, დისტრიბუციის... თარიღი 1962.
300 ## - ფიზიკური აღწერა
Extent 109 გვ. :
Other physical details 20 ფურც. ილ. ;
Dimensions 21 სმ.
504 ## - BIBLIOGRAPHY, ETC. NOTE
Bibliography, etc ბიბლიოგრ: გვ. 89-90.
520 ## - SUMMARY, ETC.
Summary, etc რეზუმე რუს. ენ.
653 ## - INDEX TERM--UNCONTROLLED
Uncontrolled term კოლხეთის ბერძნული კოლონიზაცია
700 ## - ADDED ENTRY--PERSONAL NAME
Personal name ჯაფარიძე, ო.
Relator term რედაქტორი
9 (RLIN) 17556
942 ## - ADDED ENTRY ELEMENTS (KOHA)
Source of classification or shelving scheme
Koha item type წიგნი
ეგზემპლარები
ჩამოწერის სტატუსი დაკარგული ეგზემპლარის სტატუსი კლასიფიკაციის წყარო ან თაროზე გაწყობის სქემა დაზიანების სტატუსი არ გაიცემა მუდმივი მდებარეობა (დაცვის ადგილი) ამჟამინდელი ადგილსამყოფელი თაროზე განთავსების ადგილი შეძენის თარიღი ღირებულება, შესყიდვის ნორმალური ფასი სრული შენახვის შიფრი შტრიხკოდი ბოლო ოპერაციის თარიღი ეგზემპლარის მიმდევრობითი ნომერი (კეტერი?) Uniform Resource Identifier ფასის ძალაში შესვლის თარიღი ეგზემპლარის სახეობა საჯარო შენიშვნა
          ბათუმის შოთა რუსთაველის სახელმწიფო უნივერსიტეტის მთავარი ბიბლიოთეკა ბათუმის შოთა რუსთაველის სახელმწიფო უნივერსიტეტის მთავარი ბიბლიოთეკა წიგნსაცავი 2023-05-31 5.00 94(395.3) ლ-82 64476 2023-05-31 64476 ბსუ-ს საპატიო დოქტორის გურამ ლორთქიფანიძის საჩუქარი 2023-05-31 წიგნი 5 ლ.